| 000 | 00764nam a2200253Ia 4500 | ||
|---|---|---|---|
| 003 | OSt | ||
| 005 | 20221006144123.0 | ||
| 006 | a|||||r|||| 00| 0 | ||
| 007 | ta | ||
| 008 | 221006b |||||||| |||| 00| 0 eng d | ||
| 024 | _a10,925 | ||
| 037 |
_bGift, _cTextual |
||
| 040 |
_aEASL _cEASL _beng |
||
| 041 |
_2eng _aeng |
||
| 082 | _aQ43x1,1, K0 | ||
| 100 |
_aEVANS-WENTZ W Y Ed. _9143243 |
||
| 245 | 0 | _aTibetan book of the dead or the after-death experiences on oithe bardo plane, according to Lama Kazi Dawa-samdup's English rendering | |
| 260 |
_aNew York _bGalaxy Book _c1960 |
||
| 300 |
_a249p. _ccm. |
||
| 490 | _v Gen | ||
| 650 | _aGen | ||
| 942 |
_hQ43x1,1, K0 _cTEXL _2CC |
||
| 999 |
_c1079011 _d1079011 |
||